000 00627cam a22002298i 4500
008
020 _a9780273769958 (pbk.)
049 _aMAIN
090 _aHB172.5
_bGAR
100 1 _aGartner, Manfred.
245 1 0 _aMacroeconomics /
_cManfred Gartner.
250 _a4th ed.
260 _aHarlow, England :
_bPearson Education,
_c2013.
300 _axxii, 571 p. :
_bill. ;
_c25 cm.
500 _aIncludes index.
650 0 _aMacroeconomics.
907 _a.b10378959
_b22-02-17
_c22-02-17
003
005 20230123122243.0
040 _cNUST
942 _cBOOKS
_kHB172.5
_mGAR
999 _c130476
_d130476